000 01195cab a2200253 4500
001 X1390
008 090401t1994 xxu||||| |||| 00| 0 eng d
035 _a(Sirsi) u16745
041 _aeng
245 _aWealden DC and Beacon Community College and Orbit Housing Association
260 _c1994
350 _a0
490 _aPlanning Appeal Decisions
_v(1994) 9 PAD 230-237(8)
520 _aDecision letter 9 November 1993. College situated on fringe of AONB - previous appeal against refusal of permission for residential and development allowed - intention of college and housing association to provide all-weather sports pitch - main point in contention whether use of floodlighting would be unacceptably detrimental to residential occupiers of neighbouring and proposed resiendtial properties - appeal against refusal of permission for all-weather sports pitch dismissed.
650 _aALL WEATHER SPORTS PITCHS
650 _aDOE CIRCULAR 02/1987
650 _aLOCAL GOVERNMENT ACT 1972
650 _aPPG17
650 _aSPORTS GROUNDS
650 _aTOWN AND COUNTRY PLANNING ACT 1990 S78
690 _aPLANNING LAW AND PRACTICE-CASE LAW
942 _n0
948 _c04/03/1997
999 _c11068
_d11068